00877 a2200181 4500003000500000005001700005010001700022020004300039040000900082082001100091100002400102245010800126250001200234260003300246300001100279490004600290505035900336Nust20170207154318.0 a 2008930932 a9780387779935 (hardcover : alk. paper) cNust a005.821 aHoffstein, Jeffrey.13aAn introduction to mathematical cryptography /(E BOOK)cJeffrey Hoffstein, Jill Pipher, J.H. Silverman. a1st ed. aNew York :bSpringer,c2008. ap. cm.0 aUndergraduate texts in mathematics ;v666 a An Introduction to Cryptography (Page-1) Discrete Logarithms and Diffie–Hellman (Page- 59 )Integer Factorization and RSA (Page-113) Combinatorics, Probability, and Information Theory (Page-189) Elliptic Curves and Cryptography (Page-279) Lattices and Cryptography (Page-349 )Digital Signatures (page-437) Additional Topics in Cryptography (Page-465 )